Flying Dutchmen : motion in architecture
Αποθηκεύτηκε σε:
| Κύριος συγγραφέας: | |
|---|---|
| Μορφή: | Βιβλίο |
| Γλώσσα: | English Italian |
| Δημοσίευση: |
Basel :
Birkhauser,
c2002
|
| Σειρά: | IT revolution in architecture
|
| Θέματα: | |
| Ετικέτες: |
Προσθήκη ετικέτας
Δεν υπάρχουν, Καταχωρήστε ετικέτα πρώτοι!
|
MARC
| LEADER | 00000nam a2200000 i 4500 | ||
|---|---|---|---|
| 001 | 1/90870 | ||
| 008 | 080711s2002 eng d | ||
| 020 | |a 3-7643-6639-7 | ||
| 035 | |l 10098887 | ||
| 040 | |a GR-MY-UA |b gre |e aacr | ||
| 041 | 1 | |a eng |h ita | |
| 082 | 0 | |a 720.9492 |2 (22) | |
| 100 | 1 | |a Jormakka, Kari. | |
| 245 | 1 | 0 | |a Flying Dutchmen : |b motion in architecture / |c Kari Jormakka |
| 260 | |a Basel : |b Birkhauser, |c c2002 | ||
| 300 | |a 93 σ.; |b εικ. (μερικές έγχρ.); |c 19 εκ. | ||
| 490 | 1 | |a The IT revolution in architecture | |
| 500 | |a "Original edition: Gli olandesi volanti. Il monimento in architettura". - Verso | ||
| 650 | 0 | 0 | |a Motion in architecture. |
| 650 | 0 | 0 | |a Architecture |z Netherlands |y 20th century. |
| 830 | 0 | |a IT revolution in architecture | |
| 852 | |a INST |b SYROS |e 20080711 |h 720.9492 JOR |p 005500005670 |q 005500005670 |t BK |y 0 | ||
| 901 | |a BIBL5-2008-2 | ||
| 909 | |a Ε |b 139903 | ||
| 922 | |a 5ΕΛΗ |b 200710 |c ΕΠΕΑΕΚ2/ΤΜΣΠΣ |d ΠΑΠΑΣΩΤΗΡΙΟΥ | ||
| 970 | |a ΚΑΓΙΑΒΑ |b ΕΙΡΗΝΗ |z 2008/07/11 | ||